000 01579nam a2200433Ii 4500
001 DIGDYK2330
003 NyNyDIG
006 m o d
007 cr |||||||||||
008 230217s2022 sp ob 000b0 spa d
035 _a(OCoLC)1347222045
040 _aDGITA
_beng
_erda
_epn
_cDGITA
020 _a9788411225137
_qeBook
043 _ae-sp---
050 1 4 _aDP163 ebook
082 0 4 _a946.03092
245 0 0 _aIn virtute fortitudo :
_bprotagonismo femenino en la época de Isabel la católica /
_cJosé Antonio Calvo Gómez, Sara Gallardo González, Francisco Trullén Galve, (eds.)
264 1 _aMadrid :
_bDykinson S.L.,
_c[2022]
300 _a1 online resource.
336 _atext
_btxt
_2rdacontent
337 _acomputer
_bc
_2rdamedia
338 _aonline resource
_bcr
_2rdacarrier
347 _atext file
_2rdaft
347 _bPDF
490 1 _aDykinson e-Book
504 _aIncludes bibliographical references.
588 0 _aOnline resource; title from PDF title page (Digitalia, viewed February 17, 2023)
600 0 0 _aIsabella
_bI,
_cQueen of Spain,
_d1451-1504.
650 0 _aQueens
_zSpain
_vBiography.
700 1 _aCalvo Gómez, José Antonio,
_eeditor.
700 1 _aGallardo González, Sara,
_eeditor.
700 1 _aTrullén Galve, Francisco,
_eeditor.
791 2 _aDigitalia (Firm),
_edistributor.
793 0 _gDigitalia eBook Collection:
_aDykinson Editorial
830 0 _aDykinson eBook.
856 4 0 _3Digitalia Hispánica
_uhttps://www.digitaliapublishing.com/a/117330/
910 _aPremium collection: 2023
942 _cRAA
999 _c275385
_d275385